000 01053nam a22003497a 4500
001 0054421
003 KOHA_MİRAKIL
005 20260207003944.0
007 ta
008 190312b2006 xx |||gr||||#0|||0|tur |
020 _a9789944987035
040 _aTR-BiSEU
_btur
_cTR-BiSEU
_erda
041 0 _atur
044 _ctu
050 _aDR438.7
_b.G86 2006
100 1 _aGünaydın, Günay.
245 1 _aHaremin son gülleri/
_cGünay Günaydın ; Günay Günaydın.
264 1 _aAnkara :
_bMevsimsiz Yayınları
_c2006
300 _a240 sayfa; 24 cm.
336 _ametin
_btxt
_2rdacontent
337 _aaracısız
_bn
_2rdamedia
338 _acilt
_bnc
_2rdacarrier
490 1 _aMevsimsiz Yayınları Araştırma ;
_v01
500 _aKaynakça var.
650 0 _aTürkiye--Sultanlar.
_9101036
650 0 _aHarem.
_920585
650 0 _aTurkey--Sultans.
_924149
650 0 _aTurkey--History--Ottoman Empire, 1298-1918.
_924150
830 1 _aMevsimsiz Yayınları Araştırma ;
_v01
_9101037
907 _aTarih
942 _2lcc
_cBK
999 _c54229
_d54229